logo

Bir Sreshtho Munshi Abdur Rouf Library
Jhenaidah Cadet College

Intermediate English : (Record no. 8439)

MARC details
000 -LEADER
fixed length control field 00706nam a2200241 a 4500
001 - CONTROL NUMBER
JCCL Control Number 8439
003 - CONTROL NUMBER IDENTIFIER
JCCL marc code BD-JhCC
005 - DATE AND TIME OF LATEST TRANSACTION
control field 20180224175453.0
008 - FIXED-LENGTH DATA ELEMENTS--GENERAL INFORMATION
fixed length control field 180224s1961 pk |||| |||| 000 0 eng d
035 ## - SYSTEM CONTROL NUMBER
system control number (BD-JhCC)8439
040 ## - CATALOGING SOURCE
Original cataloging agency BD-JhCC
Modifying agency BD-JhCC
041 ## - LANGUAGE CODE
Language code of Book eng
082 ## - DEWEY DECIMAL CLASSIFICATION NUMBER
Classification number 820.4
Author mark and Year SPE 1961
100 ## - MAIN ENTRY--PERSONAL NAME
Personal name Spencer , D. H.
245 ## - TITLE STATEMENT
Title Intermediate English :
Remainder of title Book One /
Statement of responsibility, etc D. H. Spencer & A S Hornby
260 ## - PUBLICATION, DISTRIBUTION, ETC. (IMPRINT)
Place of publication, distribution, etc Lahore :
Name of publisher, distributor, etc Oxpord University Press [Pakistan Branch],
Date of publication, distribution, etc 1961.
300 ## - PHYSICAL DESCRIPTION
Pagination viii, 232 p. :
Dimensions 18 cm.
500 ## - GENERAL NOTE
General note Adopted from An Intermediate English Course from abult Learners.
650 ## - SUBJECT ADDED ENTRY--TOPICAL TERM
Topical term or geographic name as entry element English Literature
700 ## - ADDED ENTRY--PERSONAL NAME
Personal name Hornby, A S
942 ## - ADDED ENTRY ELEMENTS (KOHA)
Source of classification or shelving scheme Dewey Decimal Classification
Koha item type Books
Holdings
Source of classification or shelving scheme Damaged status Not for loan Home library Current library Shelving location Date of accession Total Checkouts Full call number Barcode Date last seen Copy number Koha item type
Dewey Decimal Classification     JCC Rouf Library JCC Rouf Library General Stacks 02/24/2018   820.4 SPE 1961 11051 02/24/2018 C-1 Books

JCC Library | Contacts | JCC Home

Last Update on 23 September 2017
Copyright @ 2017-2020 JCC Rouf Library
Rouf Library, Jhenidah Cadet College (JCC), Bangladesh